Pays avec le plus de migrants - Statistiques

Statistiques générales
  • Ce quiz a été pris 419 fois
  • Le résultat moyen est 10 sur 15
Statistiques - réponses
Hint Réponse % Correct
8 millions France
100%
51 millions Etats-Unis
97%
6,8 millions Espagne
92%
16 millions Allemagne
91%
6,4 millions Italie
89%
10 millions Royaume-Uni
88%
12 millions Russie
80%
8 millions Canada
79%
5 millions Inde
71%
7,5 millions Australie
64%
13 millions Arabie Saoudite
37%
4,2 millions Afrique du Sud
34%
4,7 millions Ukraine
32%
4 millions Pakistan
30%
9 millions Emirats arabes unis
26%
Aucun quiz correspondant
Distribution des résultats
% des personnes avec chaque résultat
Percentile par nombre de réponses
Votre historique - résultats
Vous n’avez pas pris ce quiz